[Event "Mechanics' Spring TNM; 30/90, SD/30"]
[Site "San Francisco"]
[Date "2014.04.01"]
[Round "3.7"]
[White "Todortsev, Victor"]
[Black "Gaffagan, Steven"]
[Result "0-1"]
[WhiteElo "1951"]
[BlackElo "2089"]
[PlyCount "108"]
[EventDate "2014.??.??"]

1. Nf3 Nf6 2. b3 c5 3. Bb2 e6 4. g3 b6 5. Bg2 Bb7 6. O-O Be7 7. c4 O-O 8. Nc3
d6 9. Qc2 Nbd7 10. e3 a6 11. d4 cxd4 12. exd4 Rc8 13. Qe2 Re8 14. Rad1 Bf8 15.
Rfe1 Qc7 16. Ng5 Bxg2 17. Kxg2 h6 18. Nge4 Nxe4 19. Nxe4 d5 20. Nd2 Nf6 21. Rc1
Bb4 22. Red1 Qb7 23. f3 Be7 24. cxd5 Nxd5 25. Ne4 Red8 26. h4 $2 {Diagram #}
Bxh4 $1 27. Rxc8 Qxc8 28. Rc1 Qb8 29. Qe1 Be7 30. Qe2 Qb7 31. a3 Bg5 32. Nxg5
hxg5 33. Kh3 a5 34. Qe5 {Diagram #} Nf4+ $1 35. gxf4 Qxf3+ 36. Kh2 Qf2+ 37. Kh3
Qxb2 38. Qxg5 Qxb3+ 39. Kg4 Qd5 40. Rd1 Qg2+ 41. Kh4 Qh2+ 42. Kg4 Qe2+ 43. Kg3
Rd5 44. Qg4 Qxg4+ 45. Kxg4 Rb5 46. Rd3 Kf8 47. Kf3 Ke7 48. Rc3 Kd7 49. Ke4 g6
50. Rh3 Rb1 51. Rh7 Ke7 52. Rh8 Rb3 53. d5 exd5+ 54. Kxd5 Rxa3 0-1

[Event "Mechanics' Winter TNM; 30/90, SD/30"]
[Site "San Francisco"]
[Date "2014.01.21"]
[Round "3.1"]
[White "Todortsev, Victor"]
[Black "Gaffagan, Steven"]
[Result "0-1"]
[WhiteElo "1951"]
[BlackElo "2068"]
[Annotator "Gaffagan"]
[PlyCount "104"]
[EventDate "2014.??.??"]

1. Nf3 Nf6 2. c4 g6 3. Nc3 Bg7 4. d4 O-O 5. e4 d6 6. Be2 Nbd7 7. O-O e5 8. d5
Nc5 9. Qc2 a5 10. Be3 Nh5 11. Qd2 $5 Bd7 12. Bh6 Qe7 13. Bxg7 Kxg7 14. g3 Bh3 (
14... f5 15. exf5 Bxf5 (15... gxf5 $143 16. Nxe5 Nxg3 17. Nxd7 Nxe2+ 18. Nxe2
Nxd7 {White's knight has prospects on f4 and/or e6.})) 15. Rfe1 h6 16. Nh4 Qg5
17. Rad1 Nf4 18. Bf1 Bxf1 19. Kxf1 Nh5 20. Kg2 Rae8 21. Nb5 Re7 $5 (21... Qxd2
22. Rxd2 Re7 {maintains equality.}) 22. Qxa5 Nd3 $1 {
A surprising knight foray into the center of White's camp.} 23. Re3 (23. Rxd3
Nf4+ 24. Kg1 (24. Kh1 Nxd3 25. Re3 (25. Re2 Qc1+ 26. Kg2 Qxc4) 25... Nxf2+) (
24. Kf1 $1 Nxd3 25. Re3 Nxb2 (25... Nc5 26. Nxc7 f5 27. exf5 (27. b4 fxe4)
27... gxf5) 26. Qb4 Nd1 27. Re1 Nxf2 28. Kxf2 f5) 24... Nxd3 25. Re3 b6 26. Qc3
Nf4) 23... Ndf4+ (23... Nxb2 $1 24. Rc1 Nd3 {
Odd that White missed this forced retreat.} 25. Rxd3 (25. Rd1 Ndf4+ (25... f5
26. Rdxd3 Nf4+ 27. Kg1 Nxd3 28. Rxd3 Qc1+ 29. Kg2 fxe4 30. Qc3 Qb1 31. Rd2 g5
32. Rb2 Qd1 33. Rd2 Qh5 {and the Knight on h4 is lost.}) (25... Nb2 26. Rc1 {
repeats the position.})) 25... Nf4+ 26. Kg1 Nxd3 27. Rd1 Nc5 28. Nxc7 Nxe4) 24.
Kh1 $1 Nh3 25. Qe1 $1 Qg4 26. Qe2 $2 (26. f3 Qg5 27. b4 {
and Black is left searching for compensation.}) 26... Nxf2+ 27. Qxf2 Qxd1+ 28.
Kg2 Qg4 29. Qf3 Nf4+ 30. Kh1 Qxf3+ 31. Rxf3 Nh3 32. Nc3 Ng5 33. Rf1 h5 $1 34.
Kg2 f6 35. h3 Ref7 36. g4 Rh8 $19 37. Kg3 Rff8 38. Ng2 hxg4 39. h4 Nf3 40. Kxg4
$2 Nd2 $2 (40... Nh2+) 41. Rf2 (41. Rc1 Nxe4 42. Nxe4 f5+ 43. Kf3 fxe4+ 44.
Kxe4 Rf2) 41... Nxc4 42. b3 Nb6 43. Ne3 Rh7 44. Nb5 Rfh8 45. Ng2 f5+ {
Black should usually play ...f5 much earlier than move 45 in the King's Indian
Defence.} 46. exf5 gxf5+ 47. Rxf5 Nxd5 48. Rf2 Rg8 49. Rd2 Kf6+ 50. Kh3 Ke6 51.
a4 Rhg7 52. Re2 Rxg2 0-1

[Event "Mechanics' Winter TNM; 30/90, SD/30"]
[Site "San Francisco"]
[Date "2014.02.04"]
[Round "5.16"]
[White "Todortsev, Victor"]
[Black "James, Charles"]
[Result "1-0"]
[WhiteElo "1951"]
[BlackElo "1529"]
[PlyCount "45"]
[EventDate "2014.??.??"]

1. e4 e6 2. d4 d5 3. Nd2 Be7 4. Ngf3 Nf6 5. e5 Nfd7 6. c3 c5 7. Bd3 Nc6 8. a3
Qb6 9. b4 c4 10. Bc2 a6 11. O-O O-O 12. Re1 f6 13. exf6 Nxf6 14. Nf1 Qc7 15.
Ng3 Bd6 16. Qe2 Bd7 17. Ne5 Rae8 18. f4 Ne7 19. Nxd7 Nxd7 20. Qxe6+ Kh8 21. Bd2
Rf6 22. Qg4 Bxf4 23. Nh5 1-0

[Event "Mechanics' Winter TNM; 30/90, SD/30"]
[Site "San Francisco"]
[Date "2014.01.14"]
[Round "2.11"]
[White "Todortsev, Victor"]
[Black "Nyangar, Enkhmaa"]
[Result "1-0"]
[WhiteElo "1951"]
[BlackElo "1645"]
[PlyCount "51"]
[EventDate "2014.??.??"]

1. e4 c5 2. Nf3 d6 3. d4 cxd4 4. Nxd4 Nc6 5. Be3 Nf6 6. f3 g6 7. Nc3 Bg7 8. Bc4
O-O 9. Qd2 Na5 10. Be2 a6 11. Bh6 Qb6 12. Bxg7 Kxg7 13. O-O-O e5 14. Nf5+ Kg8
15. g4 Be6 16. Qg5 Ne8 17. Qh6 Nc6 18. Rxd6 gxf5 19. gxf5 Bc8 20. Rdd1 Qc5 21.
f6 Nd4 22. Rhg1+ Kh8 23. Rg7 Nxf6 24. Qxf6 Nxe2+ 25. Nxe2 Qc6 26. Rg8+ 1-0

[Event "Mechanics' Winter TNM; 30/90, SD/30"]
[Site "San Francisco"]
[Date "2014.02.18"]
[Round "7.7"]
[White "Todortsev, Victor"]
[Black "Ostrovsky, Sergey"]
[Result "0-1"]
[WhiteElo "1951"]
[BlackElo "1885"]
[PlyCount "72"]
[EventDate "2014.??.??"]

1. d4 Nf6 2. c4 c5 3. e3 cxd4 4. exd4 d5 5. Nc3 Nc6 6. Nf3 Bg4 7. Be3 e6 8. h3
Bxf3 9. Qxf3 dxc4 10. Bxc4 Nxd4 11. Bxd4 Qxd4 12. Bb5+ Nd7 13. O-O O-O-O 14.
Qxf7 (14. Rac1 Kb8 15. Rfd1 Qe5 16. Bxd7 Bd6 17. Rxd6 Qxd6 18. Ba4 $18) 14...
Qf6 15. Bxd7+ Rxd7 16. Qe8+ Rd8 17. Qa4 Kb8 18. Rac1 a6 19. Rfd1 Be7 20. Qb3
Rhf8 21. Ne4 Qf5 22. f3 h5 23. Qc3 Rxd1+ 24. Rxd1 e5 25. Rd5 Re8 26. Rxe5 Qd7
27. Rxh5 Qd1+ 28. Kh2 Bd8 29. Rc5 Bb6 30. Rc4 Re7 31. Qc2 Qe1 32. Qc1 Qa5 33.
Rc8+ Ka7 34. a3 Qe5+ 35. g3 $18 Qf5 36. Qf4 $4 Qxc8 0-1

[Event "Mechanics' Spring TNM; 30/90, SD/30"]
[Site "San Francisco"]
[Date "2014.03.18"]
[Round "1.14"]
[White "Todortsev, Victor"]
[Black "West, David Matthew"]
[Result "1-0"]
[WhiteElo "1951"]
[BlackElo "1333"]
[PlyCount "56"]
[EventDate "2014.??.??"]

1. e4 e6 2. d4 d5 3. Nd2 Nc6 4. c3 dxe4 5. Nxe4 Nf6 6. Bd3 Nxe4 7. Bxe4 Bd7 8.
Nf3 Rb8 9. O-O Bd6 10. Re1 O-O 11. Bg5 f6 12. Bh4 Ne7 13. Qc2 f5 14. Bd3 Qc8
15. Ne5 Bxe5 16. Bxe7 Rf7 17. Rxe5 Rxe7 18. Bxf5 Rf7 19. Bxh7+ Kh8 20. Bg6 Rf6
21. Qe4 Be8 22. Qh4+ Kg8 23. Qh7+ Kf8 24. Qh8+ Ke7 25. Qxg7+ Bf7 26. Bxf7 Rxf7
27. Qg5+ Kd6 28. Rae1 Re7 1-0

[Event "Mechanics' Spring TNM; 30/90, SD/30"]
[Site "San Francisco"]
[Date "2014.04.01"]
[Round "3.29"]
[White "Toziopolous, Stephen"]
[Black "Allen, Tom"]
[Result "0-1"]
[WhiteElo "1215"]
[BlackElo "1496"]
[PlyCount "98"]
[EventDate "2014.??.??"]

1. d4 Nf6 2. Nf3 d5 3. c4 dxc4 4. Nc3 Bg4 5. e3 e6 6. Bxc4 Be7 7. Qa4+ Nc6 8.
Ne5 Qd6 9. a3 O-O 10. Nxg4 Nxg4 11. f3 Nxh2 12. Ne4 Nxf3+ 13. gxf3 Qd7 14. Bd2
a6 15. Qc2 b5 16. Bf1 f5 17. Nc5 Qd5 18. Bg2 Bxc5 19. Qxc5 Rae8 20. O-O-O Ne7
21. e4 Qxc5+ 22. dxc5 fxe4 23. fxe4 e5 24. Rh5 Ng6 25. c6 Re6 26. Rdh1 Rxc6+
27. Kb1 Rf2 28. Rxh7 Rxd2 29. Bf3 Rcc2 30. b4 Rc6 31. Bd1 Rf6 32. Bb3+ Kf8 33.
Rc1 c6 34. Rh3 Rdf2 35. Rhc3 Ke7 36. Rd1 Nf8 37. Rg3 g6 38. Rg5 Nd7 39. Rdg1
Rf1+ 40. Rxf1 Rxf1+ 41. Kb2 Kf6 42. Rg3 Nb6 43. Bc2 Nc4+ 44. Kb3 Nd2+ 45. Kb2
Rf3 46. Rxf3+ Nxf3 47. Kc3 Kg5 48. Bd1 Kf4 49. Kd3 g5 0-1

[Event "Mechanics' Winter TNM; 30/90, SD/30"]
[Site "San Francisco"]
[Date "2014.01.21"]
[Round "3.36"]
[White "Toziopolous, Stephen"]
[Black "Ayinala, Nihar"]
[Result "1-0"]
[WhiteElo "1298"]
[BlackElo "537"]
[PlyCount "47"]
[EventDate "2014.??.??"]

1. d4 d5 2. Nf3 Nf6 3. c4 dxc4 4. Nc3 e6 5. e3 Be7 6. Bxc4 O-O 7. O-O Nc6 8.
Qc2 Bd7 9. Bd2 Na5 10. Be2 Bc6 11. Nd1 Bxf3 12. Bxf3 Nc6 13. Qb3 b6 14. Bxc6
Rb8 15. Rc1 Qd6 16. h3 g5 17. f3 h5 18. Nf2 Kh8 19. Qd3 g4 20. fxg4 hxg4 21.
Nxg4 Nxg4 22. hxg4 Rg8 23. Rxf7 Rxg4 24. Qh7# 1-0

[Event "Mechanics' Spring TNM; 30/90, SD/30"]
[Site "San Francisco"]
[Date "2014.04.15"]
[Round "5.34"]
[White "Toziopolous, Stephen"]
[Black "Schlosberg, Max"]
[Result "0-1"]
[WhiteElo "1215"]
[BlackElo "1180"]
[Annotator "Donaldson"]
[PlyCount "76"]
[EventDate "2014.??.??"]

1. d4 Nf6 2. c4 e6 3. Nc3 c5 4. d5 exd5 5. cxd5 d6 6. e4 g6 7. Nge2 Bg7 8. g3
$6 (8. Ng3) 8... O-O 9. Bg2 Re8 10. O-O Bd7 (10... b5 $1) 11. Bg5 (11. Bf4)
11... Qc8 12. Nf4 h6 13. Bxf6 Bxf6 14. f3 a6 (14... b5) 15. a4 b6 16. Rc1 Qb7
17. Qc2 b5 18. Nfe2 Qc8 19. f4 Bh3 20. axb5 (20. Bxh3 Qxh3 21. axb5 Nd7 22.
bxa6 Rxa6) 20... Bxg2 21. Kxg2 axb5 22. Nxb5 Qa6 $2 23. Nbc3 (23. Nc7) 23...
Nd7 24. Ng1 Nb6 25. Nf3 Nc4 26. Rfe1 Reb8 27. b3 Na3 28. Qd1 Qb6 29. e5 Bg7 30.
Ne4 Nb5 31. exd6 Nxd6 32. Nxc5 Bb2 33. Rb1 Bc3 34. Nd7 Qc7 35. Nxb8 Bxe1 36.
Qxe1 Rxb8 37. Nd4 Qc5 38. Nc6 $4 (38. Rd1 Qxd5+ 39. Nf3 Qc6 40. Rd3) 38...
Qxd5+ 0-1

[Event "Mechanics' Winter TNM; 30/90, SD/30"]
[Site "San Francisco"]
[Date "2014.02.04"]
[Round "5.33"]
[White "Toziopolous, Stephen"]
[Black "Simpkins, Jerry"]
[Result "1-0"]
[WhiteElo "1298"]
[BlackElo "1551"]
[Annotator "Donaldson"]
[PlyCount "61"]
[EventDate "2014.??.??"]

1. d4 d5 2. c4 c6 3. Nc3 e6 4. f3 Nf6 5. Bg5 Be7 6. e4 dxe4 7. fxe4 {Diagram #}
Qa5 (7... Nxe4 $1 8. Bxe7 Nxc3 9. Bxd8 Nxd1 10. Rxd1 Kxd8 $15) 8. Bxf6 Bxf6 9.
e5 Bh4+ 10. g3 Be7 11. Bg2 Bb4 12. Nge2 Na6 13. O-O Bxc3 14. bxc3 Qd8 15. Nc1
Nc7 16. Nb3 O-O 17. Nc5 Qg5 18. Qd3 f5 19. exf6 gxf6 20. Ne4 Qg6 21. Qd2 Ne8
22. Rf4 f5 23. Nc5 Nd6 24. Qd3 Rb8 25. Qe2 b6 26. Nd3 Ba6 27. Ne5 Qe8 28. Bxc6
Bxc4 29. Nxc4 Qxc6 30. Qxe6+ Kh8 31. Nxd6 1-0

[Event "Mechanics' Whitehead TNM; 30/90, SD/30"]
[Site "San Francisco"]
[Date "2014.09.02"]
[Round "5.7"]
[White "Traub, Igor"]
[Black "Gerwin, Gene"]
[Result "1-0"]
[WhiteElo "2078"]
[BlackElo "1906"]
[PlyCount "53"]
[EventDate "2014.??.??"]

1. e4 d6 2. d4 c6 3. Nf3 Qc7 4. Bf4 Nf6 5. Bd3 Bg4 6. Nbd2 Nbd7 7. h3 Bxf3 8.
Nxf3 e5 9. Bh2 Be7 10. O-O O-O 11. c3 Rfe8 12. a4 b6 13. Qb3 Bf8 14. Ng5 d5 15.
exd5 cxd5 16. c4 h6 17. Nf3 Bd6 18. dxe5 Nxe5 19. Bxe5 Bxe5 20. cxd5 Qc5 21.
Bb5 Re7 22. Rac1 Qd6 23. Rfd1 Qd8 24. Nh4 g6 25. d6 Re6 26. Nxg6 Rxd6 27. Nxe5
1-0

[Event "Mechanics' Whitehead TNM; 30/90, SD/30"]
[Site "San Francisco"]
[Date "2014.08.19"]
[Round "3.1"]
[White "Traub, Igor"]
[Black "Lee, Andy"]
[Result "0-1"]
[WhiteElo "2078"]
[BlackElo "2361"]
[PlyCount "88"]
[EventDate "2014.??.??"]

1. Nf3 d5 2. d4 Nc6 3. Bf4 Bg4 4. e3 e6 5. Be2 Bd6 6. Bxd6 cxd6 7. O-O Nf6 8.
c4 dxc4 9. Bxc4 O-O 10. Nc3 Qe7 11. a3 Rac8 12. Bd3 e5 13. d5 Nb8 14. h3 Bxf3
15. gxf3 g6 16. Qa4 a6 17. Rac1 Nbd7 18. Bb1 Nc5 19. Qd1 b5 20. b4 Ncd7 21. a4
Rc4 22. axb5 axb5 23. Qb3 Rh4 24. Kg2 Nb6 25. Bd3 Qd7 26. Rh1 Rc8 27. Ra1 Nc4
28. Kg3 Nh5+ 29. Kg2 (29. Kxh4 Qe7+ 30. Kg4 e4 31. h4 Qd7+ 32. Kg5 f6+ 33. Kh6
Qg7#) 29... Qe7 30. Bxc4 Qg5+ 31. Kf1 Rhxc4 32. Ne4 Qe7 33. Nd2 Rc3 34. Qd1 f5
35. Rg1 Qh4 36. Kg2 Qxb4 37. Qb1 Qxb1 38. Rgxb1 R3c5 39. e4 Nf4+ 40. Kg3 Rc2
41. Nb3 fxe4 42. fxe4 R8c3+ 43. Kg4 Kg7 44. Ra7+ Kh6 0-1

[Event "Mechanics' Whitehead TNM; 30/90, SD/30"]
[Site "San Francisco"]
[Date "2014.08.12"]
[Round "2.8"]
[White "Traub, Igor"]
[Black "Sadowsky, Jacob"]
[Result "1-0"]
[WhiteElo "2078"]
[BlackElo "1736"]
[Annotator "Winslow,Elliott C"]
[PlyCount "67"]
[EventDate "2014.??.??"]

1. Nf3 Nf6 2. d3 Nc6 3. g3 e5 4. e4 Bc5 5. Bg2 O-O 6. O-O d6 7. h3 Bd7 8. c3 h6
9. b4 Bb6 10. a4 a5 11. b5 Ne7 12. Nbd2 Nh5 $2 (12... Be6 13. d4 exd4 14. cxd4
c6) 13. Nc4 (13. Nxe5 $1 dxe5 (13... Nxg3 $2 14. Nxd7 Nxf1 15. Nxb6) 14. Qxh5
$16) 13... Nxg3 $2 $18 (13... Nf6 $5) 14. Nxb6 Nxf1 15. Nxa8 f5 16. Nb6 cxb6
17. Kxf1 $6 Qc8 18. Ng1 Qxc3 19. Be3 fxe4 20. Rc1 Qxd3+ 21. Qxd3 exd3 22. Rc7
Nf5 23. Bd5+ Kh8 24. Bxb6 Be8 25. Ke1 Bg6 26. Bxb7 e4 27. Rc8 Rxc8 28. Bxc8 Ne7
29. Be6 d5 30. Bxa5 d4 31. Bb6 Bf5 32. Bc4 Ng6 33. Bxd4 Nh4 34. b6 1-0

[Event "Mechanics' Whitehead TNM; 30/90, SD/30"]
[Site "San Francisco"]
[Date "2014.08.05"]
[Round "1.6"]
[White "Tsodikova, Natalia"]
[Black "Yamamoto, Craig"]
[Result "1-0"]
[WhiteElo "2162"]
[BlackElo "1593"]
[PlyCount "53"]
[EventDate "2014.??.??"]

1. e4 c5 2. Nf3 d6 3. Bb5+ Bd7 4. Bxd7+ Qxd7 5. O-O Nc6 6. c3 O-O-O 7. d4 cxd4
8. cxd4 e6 9. Nc3 Nf6 10. Re1 h6 11. d5 Ne7 12. a4 g5 13. Qd4 Kb8 14. Qxf6 Rg8
15. Qxf7 e5 16. Qe6 Qc7 17. Nb5 Qb6 18. Be3 Qa6 19. Bxa7+ Ka8 20. Nc7+ Kxa7 21.
Nxa6 Kxa6 22. Nxe5 Ka7 23. Nf7 Rb8 24. Nxd6 Rg6 25. Nb5+ Ka8 26. Qd7 Rc8 27. d6
1-0

[Event "Mechanics' SummerTNM; 30/90, SD/30"]
[Site "San Francisco"]
[Date "2014.06.03"]
[Round "2.4"]
[White "Tsodikova, Natalya"]
[Black "Afkham-Ebrahimi, Payam"]
[Result "1-0"]
[WhiteElo "2202"]
[BlackElo "1897"]
[PlyCount "85"]
[EventDate "2014.??.??"]

1. e4 e5 2. Nc3 Bc5 3. Nf3 Nc6 4. Bb5 (4. Nxe5 {
is a strong alternative. White prefers to transpose to the Ruy Lopez.}) 4... a6
5. Ba4 Nf6 6. O-O b5 7. Bb3 O-O 8. Nxe5 Nxe5 9. d4 Nfg4 $2 (9... Bxd4 {or}) (
9... Bd6 {were indicated. the text is too aggressive.}) 10. h3 (10. dxc5 $1)
10... Bb6 11. hxg4 Ng6 12. Be3 c6 13. g5 d6 14. Qf3 Bd7 15. a3 Qc8 16. Qg3 Bc7
17. f4 Ne7 18. Qf2 g6 19. Ne2 Bg4 20. Ng3 d5 21. Rae1 dxe4 22. Nxe4 Kg7 23. Qh4
Bh5 24. Nf6 Nf5 25. Nxh5+ gxh5 26. Qxh5 f6 27. Rf3 Qe8 28. Qg4 Qg6 29. Be6 fxg5
30. Qxg5 Rae8 31. Bxf5 Rxf5 32. Qxg6+ hxg6 33. Kf2 Rh5 34. Rh3 Ba5 35. c3 Rxh3
36. gxh3 Bd8 37. Kf3 Rh8 38. Rh1 Rh5 39. Bf2 Kf6 40. Kg4 Bc7 41. Re1 Kf7 42.
Bh4 Bxf4 43. Rf1 1-0

[Event "Mechanics' Whitehead TNM; 30/90, SD/30"]
[Site "San Francisco"]
[Date "2014.08.26"]
[Round "4.4"]
[White "Tsodikova, Natalya"]
[Black "Anderson, Michael"]
[Result "1-0"]
[WhiteElo "2162"]
[BlackElo "2006"]
[Annotator "Donaldson"]
[PlyCount "95"]
[EventDate "2014.??.??"]

1. e4 c5 2. Nf3 e6 3. d3 g6 4. g3 Bg7 5. Bg2 Nc6 6. O-O Nge7 7. c3 O-O 8. Be3
d6 9. Qd2 Rb8 10. Bh6 Bd7 11. Bxg7 Kxg7 12. d4 Qc7 13. Rd1 Rfd8 14. Qe3 cxd4
15. Nxd4 Ne5 16. Na3 b5 17. f4 $2 Ng4 $1 18. Qe2 e5 $1 $19 19. h3 exd4 20. hxg4
dxc3 21. Rac1 b4 22. Nb1 Ba4 23. Re1 Qb6+ (23... Qc5+ 24. Kh2 c2 25. Nd2 Nc6 {
followed by ...Nd4 looks overwhelming.}) 24. Kh2 cxb2 $2 (24... c2 25. Nd2 Nc6
{again looks very strong.}) 25. Qxb2+ Kg8 26. Nd2 a5 (26... Qf2 $1 27. Rf1 Qe2
{still kreeps a small advantage. Now the game quickly changes hands.}) 27. Nc4
Qa7 28. Qf6 d5 $4 (28... Qd7 $11) 29. Nd6 $18 d4 30. Nxf7 h5 31. Ng5 Rf8 32.
Qe6+ Kg7 33. Qe5+ Kh6 34. Rc7 Rb7 35. Qxe7 Rxc7 36. Qxf8+ Rg7 37. Qh8+ Rh7 38.
Qxh7+ Qxh7 39. Nxh7 d3 40. Bf3 b3 41. axb3 Bxb3 42. Nf6 a4 43. Bd1 d2 44. Rg1
hxg4 45. Nxg4+ Kg7 46. Ne3 Kf6 47. Bxb3 axb3 48. Rb1 1-0

[Event "Mechanics' Fall TNM; 30/90, SD/30"]
[Site "San Francisco"]
[Date "2014.10.21"]
[Round "1.8"]
[White "Tsodikova, Natalya"]
[Black "Casares, Nick"]
[Result "1-0"]
[WhiteElo "2162"]
[BlackElo "1600"]
[PlyCount "41"]
[EventDate "2014.??.??"]

1. e4 e5 2. Nc3 Nf6 3. f4 exf4 4. Nf3 d5 5. e5 Ne4 6. Be2 g5 7. O-O g4 8. Ne1
f3 9. gxf3 gxf3 10. Bxf3 Rg8+ 11. Ng2 Bh3 12. d4 Nc6 13. Nxe4 dxe4 14. Bxe4 Qd7
15. c3 O-O-O 16. Qe2 Nxd4 17. cxd4 Qxd4+ 18. Kh1 Bc5 19. Bf4 f5 20. Bf3 Kb8 21.
Rad1 1-0

[Event "Mechanics' Whitehead TNM; 30/90, SD/30"]
[Site "San Francisco"]
[Date "2014.09.30"]
[Round "9.4"]
[White "Tsodikova, Natalya"]
[Black "Fuentes, Romulo"]
[Result "0-1"]
[WhiteElo "2162"]
[BlackElo "2215"]
[Annotator "Donaldson"]
[PlyCount "34"]
[EventDate "2014.??.??"]

1. e4 c5 2. Nf3 d6 3. g3 g6 4. Bg2 Bg7 5. O-O Nc6 6. c3 h5 7. d4 cxd4 8. Nxd4
Nxd4 9. cxd4 Qb6 10. Nc3 Qxd4 11. Qb3 Nf6 12. Be3 Qe5 13. Nb5 O-O 14. f4 $6 (
14. Bd4 Be6 15. Bxe5 Bxb3 16. Bxf6 Bc4 17. Bxe7 Bxb5 18. Rfe1 $16) 14... Qe6
15. Nc7 Qxb3 16. axb3 Ng4 17. Bxa7 $4 (17. Bd2) 17... Rxa7 0-1

[Event "Mechanics' Spring TNM; 30/90, SD/30"]
[Site "San Francisco"]
[Date "2014.04.22"]
[Round "6.5"]
[White "Tsodikova, Natalya"]
[Black "Krasnov, Steven"]
[Result "1-0"]
[WhiteElo "2226"]
[BlackElo "2007"]
[Annotator "Donaldson"]
[PlyCount "43"]
[EventDate "2014.??.??"]

1. e4 c5 2. Nf3 d6 3. g3 Nc6 4. d3 g6 5. Bg2 Bg7 6. O-O e5 7. Nc3 Nge7 8. Nh4
Rb8 9. f4 exf4 10. Bxf4 b5 11. Bg5 Be6 {Diagram #} 12. Nf5 $1 gxf5 13. exf5
Bd4+ 14. Kh1 Bd7 15. Nd5 (15. Ne4 $5) 15... Qc8 $2 (15... h6 $5 16. Bh4 Bxb2
17. Re1 Be5) (15... Bxb2 16. Re1 Be5 17. Rxe5 dxe5 18. Nf6+ Kf8 19. Bh6#) 16.
c3 (16. Nxe7 Nxe7 17. c3 Be5 18. d4) 16... Be5 17. Nxe7 Nxe7 18. d4 f6 19. dxe5
fxg5 20. exd6 Nc6 21. Qh5+ Kf8 22. Qh6+ 1-0

[Event "Mechanics' Winter TNM; 30/90, SD/30"]
[Site "San Francisco"]
[Date "2014.02.04"]
[Round "5.3"]
[White "Tsodikova, Natalya"]
[Black "Krasnov, Steven"]
[Result "0-1"]
[WhiteElo "2226"]
[BlackElo "1953"]
[PlyCount "74"]
[EventDate "2014.??.??"]

1. d4 Nf6 2. Bf4 c5 3. d5 d6 4. Nc3 a6 5. a4 g6 6. g3 Bg7 7. Bg2 Nbd7 8. Nf3
Nh5 9. Bg5 h6 10. Bd2 O-O 11. O-O Rb8 12. e4 b5 13. axb5 axb5 14. Qc1 b4 15.
Nd1 Kh7 16. Ne3 Nhf6 17. Nh4 e6 18. dxe6 fxe6 19. f4 Bb7 20. f5 exf5 21. exf5
g5 22. Ng6 Re8 23. Bxb7 Rxb7 24. c4 Ne4 25. Nd5 Ndf6 26. Qc2 Nxd5 27. cxd5 Qf6
28. Rae1 b3 29. Qd3 c4 30. Qe3 Qxb2 31. Bc1 Qd4 32. Rd1 Qxe3+ 33. Bxe3 Nc3 34.
Rde1 Rxe3 35. Rxe3 Bd4 36. Kf2 Bxe3+ 37. Kxe3 b2 0-1

[Event "Mechanics' Spring TNM; 30/90, SD/30"]
[Site "San Francisco"]
[Date "2014.04.01"]
[Round "3.4"]
[White "Tsodikova, Natalya"]
[Black "Manvelyan, Hovik"]
[Result "1-0"]
[WhiteElo "2226"]
[BlackElo "2030"]
[Annotator "Donaldson"]
[PlyCount "41"]
[EventDate "2014.??.??"]

1. e4 e6 2. d3 d5 3. Nd2 c5 4. Ngf3 Nc6 5. g3 Nf6 6. Bg2 g6 7. O-O Bg7 8. c3
O-O 9. Re1 dxe4 10. dxe4 b6 $2 (10... e5) 11. e5 $1 Ne8 {Diagram #} (11... Nd7
12. Nd4 Ncxe5 13. Nxe6 fxe6 14. Bxa8 Nd3 15. Re2 Ba6 16. Bg2 Nxc1 17. Rxc1 Bxe2
18. Qxe2 {yields White a considerable positional advantage with her powerful
two bishops and Black's weakness on e6}) 12. Nd4 $1 cxd4 13. Bxc6 Rb8 14. Nf3
Qc7 15. Nxd4 Bxe5 {Diagram #} 16. Rxe5 $1 Kg7 17. Bf4 f6 18. Rxe6 Qxf4 19. gxf4
Bxe6 20. Nxe6+ Kf7 21. Qd5 1-0

[Event "Mechanics' Winter TNM; 30/90, SD/30"]
[Site "San Francisco"]
[Date "2014.01.14"]
[Round "2.2"]
[White "Tsodikova, Natalya"]
[Black "Ostrovsky, Sergey"]
[Result "1/2-1/2"]
[WhiteElo "2226"]
[BlackElo "1885"]
[PlyCount "98"]
[EventDate "2014.??.??"]

1. d4 d5 2. Bf4 e6 3. e3 Nf6 4. Bd3 Be7 5. Nd2 c5 6. c3 Nc6 7. h3 O-O 8. Ngf3
g6 9. O-O Nh5 10. Bh2 f5 11. Ne5 Nf6 12. f4 Nxe5 13. fxe5 Ne4 14. Bxe4 fxe4 15.
Qe2 Bd7 16. Bf4 a6 17. Bh6 Rf5 18. g4 Rxf1+ 19. Rxf1 c4 20. Qf2 Qe8 21. Qf4 b5
22. h4 a5 23. Qg3 b4 24. Nb1 Rb8 25. Rf2 Ba4 26. g5 Bd1 27. Nd2 bxc3 28. bxc3
Ba3 29. Qf4 Qe7 30. Kh2 Rb7 31. Qg3 Qe8 32. Qg1 Bh5 33. Rf6 Rb2 34. Rf2 Rxa2
35. Nxe4 Rxf2+ 36. Nxf2 Bb2 37. Nh3 a4 38. Qf2 Ba3 39. Qf6 Qe7 40. Qf2 Bc1 41.
Qc2 Qa3 42. Kg3 Bxe3 43. Nf4 Bxf4+ 44. Kxf4 Qb3 45. Qd2 a3 46. Kg3 a2 47. Qc1
Qd1 48. Qa3 Qf3+ 49. Kh2 Qf2+ 1/2-1/2

[Event "Mechanics' Fall TNM; 30/90, SD/30"]
[Site "San Francisco"]
[Date "2014.12.09"]
[Round "7.8"]
[White "Tsodikova, Natalya"]
[Black "Poling, Scott"]
[Result "1-0"]
[WhiteElo "2162"]
[BlackElo "1728"]
[Annotator "Donaldson"]
[PlyCount "19"]
[EventDate "2014.??.??"]

1. e4 e6 2. d4 d5 3. Nc3 Nf6 4. Bg5 Bb4 5. e5 h6 6. Bc1 Nfd7 $2 (6... Ne4) 7.
Qg4 g6 8. Bd3 c5 9. Bxg6 $1 Rg8 {Diagram #} 10. Qxe6+ 1-0

[Event "Mechanics' Spring TNM; 30/90, SD/30"]
[Site "San Francisco"]
[Date "2014.04.29"]
[Round "7.4"]
[White "Tsodikova, Natalya"]
[Black "Sahin, Ozgur"]
[Result "1-0"]
[WhiteElo "2226"]
[BlackElo "1913"]
[PlyCount "51"]
[EventDate "2014.??.??"]

1. e4 e6 2. d3 d5 3. Nd2 c5 4. Ngf3 Nc6 5. g3 Nf6 6. Bg2 Be7 7. O-O O-O 8. e5
Nd7 9. Re1 Qc7 10. Qe2 f6 11. exf6 Nxf6 12. Bh3 e5 13. Bxc8 Raxc8 14. Nxe5 Nd4
15. Qd1 Bd6 16. Ndf3 Bxe5 17. Nxe5 Nd7 18. Bf4 Rce8 19. c3 Rxf4 20. gxf4 Nf5
21. Qh5 Rf8 22. Nxd7 Qxd7 23. Re5 g6 24. Qf3 Nh4 25. Qxd5+ Qxd5 26. Rxd5 1-0

[Event "Mechanics' Spring TNM; 30/90, SD/30"]
[Site "San Francisco"]
[Date "2014.03.18"]
[Round "1.4"]
[White "Tsodikova, Natalya"]
[Black "Simpkins, Jerry"]
[Result "1-0"]
[WhiteElo "2226"]
[BlackElo "1551"]
[PlyCount "43"]
[EventDate "2014.??.??"]

1. d4 d5 2. Bf4 e6 3. e3 Bd6 4. Bg3 c6 5. Nf3 Bxg3 6. hxg3 Nf6 7. Nbd2 Ne4 8.
Bd3 f5 9. Ne5 Qf6 10. Qh5+ g6 {Diagram #} 11. Nxg6 hxg6 12. Qxh8+ Qxh8 13.
Rxh8+ Kd7 14. Nf3 Na6 15. Ne5+ Kc7 16. Bxe4 dxe4 17. Nxg6 Rb8 18. O-O-O Nb4 19.
a3 Nd5 20. Ne5 b5 21. Rdh1 Ba6 22. R1h7+ 1-0

[Event "Mechanics' Fall TNM; 30/90, SD/30"]
[Site "San Francisco"]
[Date "2014.11.25"]
[Round "5.9"]
[White "Tsodikova, Natalya"]
[Black "Steger, Eric"]
[Result "1-0"]
[WhiteElo "2162"]
[BlackElo "1989"]
[Annotator "Donaldson"]
[PlyCount "59"]
[EventDate "2014.??.??"]

1. e4 e5 2. Nf3 Nc6 3. d4 exd4 4. Nxd4 Bc5 5. Nb3 Bb6 6. Nc3 Qe7 7. Qe2 Nf6 8.
Bg5 Qe6 9. O-O-O O-O 10. f3 d6 11. g4 h6 12. Bf4 Ne5 13. h4 Nfd7 14. h5 f6 15.
Bh2 Nc5 16. Nd5 Nxb3+ 17. axb3 Qf7 18. Bh3 Nc6 19. Bg1 Bxg1 20. Rhxg1 a5 21.
Qb5 Ne5 22. Qe2 a4 23. bxa4 Rxa4 24. b3 Ra1+ 25. Kb2 Rxd1 26. Rxd1 Be6 27. f4
Bxd5 28. exd5 Nd7 29. g5 Kh8 {Diagram #} 30. g6 1-0